000 01145nam0a2200313 4500
001 RU\NLR\BIBL_A\022595867
005 20251202125146.0
010 _a978-5-09-124967-5
_91000
021 _aRU
_bКН-П-25-033657
_9КН-П-25-3327
035 _a(NLR Aleph) 022595867
090 _a13496258
_c13496258
100 _a20250804d2025 u y0rusy50 ca
101 0 _arus
102 _aRU
105 _aa z 000yy
181 0 _ai
_baxxe
182 0 _an
200 1 _aКабальеро в российской школе: испанский опыт в учебном процессе
_fА. Феррер
203 _aТекст
_bвизуальный
_cнепосредственный
210 _aМосква
_cПросвещение
_d2025
215 _a94 с.
_cцв. ил.
_d22
225 1 _aПедагогический нон-фикшн
606 1 _aУчителя
_xПрофессиональная деятельность
_92215961
_3RU\NLR\AUTH\661330904
686 1 _aЧ421.421
700 1 _aФеррер
_bА.
_gАльберт
942 _cBOOK
980 _aNB